[Event "Remote S7E Pro-179 email"]
[Site "Remote email"]
[Date "2014.06.22"]
[Round "?"]
[White "Dammer, Axel"]
[Black "Koch, Christian"]
[Result "1/2-1/2"]
[WhiteElo "2407"]
[BlackElo "2435"]
[PlyCount "53"]
[EventDate "2014.??.??"]
[EventType "tourn (corr)"]
[EventRounds "6"]
[EventCountry "GER"]
[SourceTitle "Corr 2015"]
[Source "ChessBase"]
[SourceDate "2015.07.17"]
[SourceVersion "1"]
[SourceVersionDate "2015.07.17"]
[SourceQuality "1"]

1. Nf3 Nf6 2. c4 g6 3. b4 Bg7 4. Bb2 0-0 5. g3 c6 6. Bg2 d5 7. cxd5 Nxd5 8. Bxg7 Kxg7 9. a3 a5 10. bxa5 Qxa5 11. 0-0 Nd7 12. e4 N5f6 13. Nc3 Rd8 14. Qc2 Nb6 15. Rfb1 Bg4 16. Ne1 e5 17. Bf1 Ra7 18. h3 Be6 19. a4 Rd6 20. Nf3 Nfd7 21. Qc1 Qc5 22. d3 f6 23. Rb2 h5 24. Rab1 Nxa4 25. Nxa4 Qxc1 26. Rxc1 Rxa4 27. Rxb7 1/2-1/2

[Event "Remote Easter Gr.F email"]
[Site "Remote email"]
[Date "2014.05.01"]
[Round "?"]
[White "Dammer, Axel"]
[Black "Zimmermann, Bernd"]
[Result "1-0"]
[WhiteElo "2401"]
[BlackElo "2096"]
[PlyCount "37"]
[EventDate "2014.??.??"]
[EventType "tourn (corr)"]
[EventRounds "8"]
[EventCountry "GER"]
[SourceTitle "Corr 2015"]
[Source "ChessBase"]
[SourceDate "2015.07.17"]
[SourceVersion "1"]
[SourceVersionDate "2015.07.17"]
[SourceQuality "1"]

1. Nf3 Nf6 2. c4 g6 3. b4 Bg7 4. Bb2 0-0 5. g3 c6 6. Bg2 d5 7. cxd5 cxd5 8. 0-0 b6 9. Nc3 Bb7 10. d3 Nc6 11. a3 Qd7 12. Rc1 Rac8 13. Nb1 Rfd8 14. Nbd2 Ne8 15. Qb3 e5 16. h4 Nd6 17. e3 Rc7 18. Rc2 d4 19. e4 1-0

[Event "Remote S7E Pro-176 email"]
[Site "Remote email"]
[Date "2014.02.22"]
[Round "?"]
[White "Tauscher, Karl"]
[Black "Dammer, Axel"]
[Result "1-0"]
[WhiteElo "2422"]
[BlackElo "2407"]
[PlyCount "149"]
[EventDate "2014.??.??"]
[EventType "tourn (corr)"]
[EventRounds "6"]
[EventCountry "GER"]
[SourceTitle "Corr 2015"]
[Source "ChessBase"]
[SourceDate "2015.07.17"]
[SourceVersion "1"]
[SourceVersionDate "2015.07.17"]
[SourceQuality "1"]

1. c4 Nf6 2. Nc3 e6 3. g3 d5 4. d4 Be7 5. Bg2 0-0 6. Nf3 dxc4 7. Ne5 c5 8. dxc5 Qc7 9. Nxc4 Bxc5 10. 0-0 Bxf2+ 11. Rxf2 Qxc4 12. a3 Nc6 13. Be3 Rd8 14. Qe1 Nd5 15. Nxd5 exd5 16. Rc1 Qb3 17. Qd2 Be6 18. Rc3 Qa2 19. Bg5 Rd7 20. Qc1 f6 21. Bxf6 gxf6 22. b3 d4 23. Rcf3 Bxb3 24. Rxf6 Bc4 25. Bxc6 bxc6 26. Rxc6 Rb8 27. Qxc4+ Qxc4 28. Rxc4 Rb2 29. a4 Kg7 30. Kf1 Rb3 31. Rf4 d3 32. exd3 Rbxd3 33. Rg4+ Kf7 34. Kg2 R3d6 35. Rh4 Kg7 36. Kh3 Rf6 37. Rc5 Rf2 38. Rg5+ Kf8 39. Rgh5 Kg8 40. Rf4 Rxf4 41. gxf4 Rd4 42. Ra5 Rxf4 43. Rxa7 Rf6 44. a5 Rg6 45. Kh4 Kf8 46. Rxh7 Rg2 47. h3 Ra2 48. Ra7 Rc2 49. Kh5 Kg8 50. Re7 Rc5+ 51. Kg6 Rc6+ 52. Kf5 Rh6 53. Re3 Kf8 54. Ra3 Ra6 55. h4 Ke8 56. h5 Kf8 57. Ke5 Ke7 58. Kd5 Kd7 59. Ra2 Rh6 60. Rh2 Ke7 61. Ke4 Kf7 62. Ra2 Re6+ 63. Kd4 Ra6 64. Kc4 Kf8 65. Kb5 Rh6 66. a6 Rxh5+ 67. Kb6 Rh6+ 68. Kb7 Rh7+ 69. Kc8 Rh8 70. a7 Kf7+ 71. Kc7 Ke6 72. a8Q Rxa8 73. Rxa8 Ke5 74. Ra4 Kd5 75. Kd7 1-0

[Event "Remote S7E Pro email"]
[Site "Remote email"]
[Date "2014.02.10"]
[Round "?"]
[White "Dammer, Axel"]
[Black "Vehlow, Burkhard"]
[Result "1-0"]
[WhiteElo "2401"]
[BlackElo "2172"]
[PlyCount "107"]
[EventDate "2014.??.??"]
[EventType "tourn (corr)"]
[EventRounds "6"]
[EventCountry "GER"]
[SourceTitle "Corr 2015"]
[Source "ChessBase"]
[SourceDate "2015.07.17"]
[SourceVersion "1"]
[SourceVersionDate "2015.07.17"]
[SourceQuality "1"]

1. Nf3 c5 2. g3 g6 3. Bg2 Bg7 4. 0-0 Nc6 5. d3 d6 6. e4 e5 7. c3 Nge7 8. a3 h6 9. b4 Be6 10. Nbd2 0-0 11. Bb2 b5 12. Qe2 Qb6 13. Rfc1 Rfd8 14. Qe3 Rab8 15. Bf1 a5 16. bxc5 dxc5 17. a4 b4 18. cxb4 cxb4 19. Qxb6 Rxb6 20. Rc5 g5 21. h3 f6 22. Nc4 Ra6 23. Rc1 h5 24. Ne3 Rb6 25. Nd2 Bh6 26. Kg2 h4 27. Ndc4 Ra6 28. d4 exd4 29. Ng4 Bxg4 30. hxg4 Ra7 31. Nd2 Ne5 32. Nb3 hxg3 33. Bxd4 N7g6 34. Rc8 Ra8 35. Rxd8+ Rxd8 36. Bb6 Ra8 37. fxg3 Nxg4 38. Nxa5 N4e5 39. Bb5 g4 40. Rd1 Rc8 41. Rd8+ Rxd8 42. Bxd8 Kf7 43. Bb6 Ne7 44. Bc5 f5 45. Nc4 N5c6 46. a5 Nxa5 47. Nxa5 fxe4 48. Bxb4 Kf6 49. Bxe7+ Kxe7 50. Nc4 Ke6 51. Bc6 e3 52. Kf1 Kf5 53. Bd7+ Ke4 54. Ke2 1-0

[Event "Remote-ch 2010 email"]
[Site "Remote email"]
[Date "2013.12.15"]
[Round "4"]
[White "Boehme, Sebastian"]
[Black "Dammer, Axel"]
[Result "1/2-1/2"]
[WhiteElo "2512"]
[BlackElo "2407"]
[PlyCount "101"]
[EventDate "2013.??.??"]
[EventType "tourn (corr)"]
[EventRounds "6"]
[EventCountry "GER"]
[SourceTitle "Corr 2015"]
[Source "ChessBase"]
[SourceDate "2015.07.17"]
[SourceVersion "1"]
[SourceVersionDate "2015.07.17"]
[SourceQuality "1"]

1. d4 d5 2. c4 e6 3. Nc3 Bb4 4. Nf3 Nc6 5. e3 Nf6 6. Bd3 0-0 7. 0-0 dxc4 8. Bxc4 Bd6 9. e4 e5 10. d5 Ne7 11. Be3 Bg4 12. h3 Bh5 13. Bg5 Nc8 14. Rc1 h6 15. Bh4 a6 16. a3 Nb6 17. Be2 Bg6 18. Re1 Re8 19. Qb3 Rb8 20. Red1 Bh7 21. Qc2 Rc8 22. Nh2 Be7 23. Bg3 Bc5 24. Bf3 Nbd7 25. Ng4 Nxg4 26. Bxg4 Ra8 27. Qe2 Nf6 28. Bf5 Bd4 29. Bxh7+ Nxh7 30. Na4 Qe7 31. Kh2 Rac8 32. b4 c6 33. dxc6 bxc6 34. f3 a5 35. bxa5 Qxa3 36. Nb6 Rb8 37. Nc4 Qe7 38. a6 Ra8 39. Na5 c5 40. Nc6 Qd6 41. Qb5 Re6 42. Nxd4 cxd4 43. Qd5 Qxd5 44. exd5 Rd6 45. Bxe5 Rxd5 46. Bxd4 Rxa6 47. Rc8+ Nf8 48. Rxf8+ Kxf8 49. Bxg7+ Kxg7 50. Rxd5 Ra3 51. h4 1/2-1/2

[Event "Remote email"]
[Site "Remote email"]
[Date "2013.12.10"]
[Round "3"]
[White "Kuna, Heiko"]
[Black "Dammer, Axel"]
[Result "1-0"]
[WhiteElo "2348"]
[BlackElo "2401"]
[PlyCount "85"]
[EventDate "2013.??.??"]
[EventType "tourn (corr)"]
[EventRounds "6"]
[EventCountry "GER"]
[SourceTitle "Corr 2015"]
[Source "ChessBase"]
[SourceDate "2015.07.17"]
[SourceVersion "1"]
[SourceVersionDate "2015.07.17"]
[SourceQuality "1"]

1. e4 e5 2. Nf3 Nf6 3. Nxe5 d6 4. Nf3 Nxe4 5. d4 d5 6. Bd3 Nc6 7. 0-0 Be7 8. c4 Nb4 9. Be2 0-0 10. Nc3 Be6 11. Ne5 f6 12. Nf3 Kh8 13. a3 Nxc3 14. bxc3 Nc6 15. Nd2 Na5 16. cxd5 Qxd5 17. Re1 Rae8 18. Bb2 Bd6 19. c4 Qf5 20. Bc3 b6 21. Bh5 g6 22. Be2 Bf7 23. Rb1 Kg7 24. g3 c6 25. c5 bxc5 26. d5 cxd5 27. Bxa5 Re7 28. Nf1 d4 29. Bd3 Rxe1 30. Bxe1 Qd7 31. Nd2 Rb8 32. Rc1 f5 33. Bc4 Re8 34. Bxf7 Qxf7 35. Nc4 Bf8 36. Bd2 Re4 37. Bf4 Re8 38. Nd6 Bxd6 39. Bxd6 c4 40. Qxd4+ Kg8 41. Rxc4 Rd8 42. Qc3 Qd5 43. Rc7 1-0

[Event "Remote-ch 2009 email"]
[Site "Remote email"]
[Date "2013.10.01"]
[Round "4"]
[White "Dammer, Axel"]
[Black "Meissen, Frank"]
[Result "1/2-1/2"]
[WhiteElo "2425"]
[BlackElo "2579"]
[PlyCount "39"]
[EventDate "2013.??.??"]
[EventType "tourn (corr)"]
[EventRounds "6"]
[EventCountry "GER"]
[SourceTitle "Corr 2015"]
[Source "ChessBase"]
[SourceDate "2015.07.17"]
[SourceVersion "1"]
[SourceVersionDate "2015.07.17"]
[SourceQuality "1"]

1. e4 e5 2. Nf3 Nc6 3. Bb5 a6 4. Bxc6 dxc6 5. 0-0 f6 6. d4 Bg4 7. dxe5 Qxd1 8. Rxd1 fxe5 9. Rd3 Bd6 10. Nbd2 Nf6 11. Nc4 0-0 12. Nfxe5 Be2 13. Re3 Bxc4 14. Nxc4 Bc5 15. Re2 Rae8 16. Be3 Rxe4 17. Bxc5 Rxe2 18. Bxf8 Kxf8 19. Rc1 Ne4 20. f3 1/2-1/2

[Event "Remote Federal-ch email"]
[Site "Remote email"]
[Date "2013.09.11"]
[Round "?"]
[White "Dammer, Axel"]
[Black "Franken, Paul"]
[Result "1-0"]
[WhiteElo "2401"]
[BlackElo "2357"]
[PlyCount "113"]
[EventDate "2013.??.??"]
[EventType "swiss (corr)"]
[EventRounds "12"]
[EventCountry "GER"]
[SourceTitle "Corr 2015"]
[Source "ChessBase"]
[SourceDate "2015.07.17"]
[SourceVersion "1"]
[SourceVersionDate "2015.07.17"]
[SourceQuality "1"]

1. Nf3 c5 2. e4 d6 3. d4 cxd4 4. Nxd4 Nf6 5. Nc3 g6 6. Be3 Bg7 7. f3 0-0 8. Qd2 Nc6 9. 0-0-0 d5 10. exd5 Nxd5 11. Nxc6 bxc6 12. Bd4 Nxc3 13. Qxc3 Bh6+ 14. Be3 Bxe3+ 15. Qxe3 Qb6 16. Qxe7 Be6 17. Qa3 Rad8 18. Bd3 Rd5 19. Rhe1 Ra5 20. Qc3 Rxa2 21. b3 Ra5 22. Kb2 Rd5 23. Ra1 Rc5 24. Qf6 Bf5 25. Be4 Rb8 26. Rad1 Be6 27. Rd3 Bc4 28. Rde3 Be6 29. h4 a5 30. Bd3 Qd8 31. Qxd8+ Rxd8 32. c4 Kf8 33. Kc3 Ke7 34. Be2 Re8 35. f4 Rf5 36. Rf1 h5 37. Bd3 Rc5 38. Rfe1 Kd6 39. g3 Rg8 40. R3e2 Re8 41. Rd1 Kc7 42. b4 axb4+ 43. Kxb4 Kb6 44. Ra1 Rd8 45. Rea2 Rb5+ 46. cxb5 Bxa2 47. Rxa2 Rxd3 48. Ra6+ Kb7 49. Rxc6 Rxg3 50. Rf6 Kc8 51. Rxf7 Rh3 52. Kc5 Rc3+ 53. Kb6 Rc4 54. Rf8+ Kd7 55. Rf6 Rb4 56. Ka5 Rc4 57. Ka6 1-0

[Event "Remote Federal-ch email"]
[Site "Remote email"]
[Date "2013.09.11"]
[Round "?"]
[White "Dammer, Axel"]
[Black "Jarecki, Marian"]
[Result "1/2-1/2"]
[WhiteElo "2400"]
[BlackElo "2265"]
[PlyCount "89"]
[EventDate "2013.??.??"]
[EventType "swiss (corr)"]
[EventRounds "12"]
[EventCountry "GER"]
[SourceTitle "Corr 2015"]
[Source "ChessBase"]
[SourceDate "2015.07.17"]
[SourceVersion "1"]
[SourceVersionDate "2015.07.17"]
[SourceQuality "1"]

1. Nf3 Nc6 2. e4 e5 3. Bb5 f5 4. Nc3 fxe4 5. Nxe4 Nf6 6. Nxf6+ Qxf6 7. Qe2 Be7 8. Bxc6 dxc6 9. Nxe5 0-0 10. 0-0 Bd6 11. d4 c5 12. Be3 Bf5 13. f4 Rae8 14. Rae1 cxd4 15. Bxd4 a6 16. Qf3 b6 17. Rf2 Be6 18. g3 c5 19. Bc3 Bxe5 20. Rxe5 Qg6 21. Rfe2 Bc4 22. Rd2 Rxe5 23. Bxe5 b5 24. Qg2 Qg4 25. Qc6 Qh3 26. Rd1 Qg4 27. Rd7 Bf7 28. Rd2 Qe6 29. Qxe6 Bxe6 30. b3 Ra8 31. Kf2 Bf5 32. Rd5 Rc8 33. Ke3 Bxc2 34. Rd7 g5 35. Rg7+ Kf8 36. Rxg5 Rc6 37. Rg7 Ke8 38. g4 Rg6 39. Rxh7 Rxg4 40. Rc7 Rh4 41. Rxc5 Rh3+ 42. Kf2 Rxh2+ 43. Kg3 Re2 44. Kf3 Rh2 45. Rc8+ 1/2-1/2

[Event "Remote Federal-ch email"]
[Site "Remote email"]
[Date "2013.09.11"]
[Round "?"]
[White "Dammer, Axel"]
[Black "Langschmidt, Dirk"]
[Result "1-0"]
[WhiteElo "2425"]
[BlackElo "1980"]
[PlyCount "53"]
[EventDate "2013.??.??"]
[EventType "swiss (corr)"]
[EventRounds "12"]
[EventCountry "GER"]
[SourceTitle "Corr 2015"]
[Source "ChessBase"]
[SourceDate "2015.07.17"]
[SourceVersion "1"]
[SourceVersionDate "2015.07.17"]
[SourceQuality "1"]

1. Nf3 d5 2. d4 Nf6 3. c4 c6 4. Nc3 dxc4 5. a4 Bf5 6. e3 e6 7. Bxc4 Bb4 8. 0-0 0-0 9. Qe2 Bg6 10. Ne5 Nbd7 11. Nxg6 hxg6 12. Rd1 Qc7 13. Bd2 e5 14. d5 Nb6 15. dxc6 Qxc6 16. Bb3 Rac8 17. Nb5 Qc5 18. Nxa7 Rcd8 19. Rac1 Qa5 20. Bxb4 Qxb4 21. Qb5 Qxb5 22. Nxb5 Nbd5 23. g4 g5 24. h4 Nb4 25. hxg5 Nxg4 26. Rxd8 Rxd8 27. Rc4 1-0

[Event "Remote Federal-ch email"]
[Site "Remote email"]
[Date "2013.09.11"]
[Round "?"]
[White "Koprek, Juergen"]
[Black "Dammer, Axel"]
[Result "1/2-1/2"]
[WhiteElo "2442"]
[BlackElo "2425"]
[PlyCount "62"]
[EventDate "2013.??.??"]
[EventType "swiss (corr)"]
[EventRounds "12"]
[EventCountry "GER"]
[SourceTitle "Corr 2015"]
[Source "ChessBase"]
[SourceDate "2015.07.17"]
[SourceVersion "1"]
[SourceVersionDate "2015.07.17"]
[SourceQuality "1"]

1. d4 Nf6 2. c4 e6 3. Nc3 Bb4 4. Qc2 0-0 5. a3 Bxc3+ 6. Qxc3 b6 7. Bg5 Bb7 8. f3 h6 9. Bh4 d5 10. e3 Nbd7 11. cxd5 Nxd5 12. Bxd8 Nxc3 13. Bh4 Nd5 14. Bf2 c5 15. e4 Ne7 16. Ne2 Rac8 17. Rd1 Ba6 18. Nc3 Bxf1 19. Rxf1 Ng6 20. dxc5 Nxc5 21. f4 Nb3 22. g3 e5 23. f5 Ne7 24. f6 Nc6 25. Nd5 Kh7 26. fxg7 Kxg7 27. Be3 Ncd4 28. Rf2 Rc6 29. Kf1 Nc2 30. Bd2 Nxd2+ 31. Rdxd2 Nd4 1/2-1/2

[Event "Remote email"]
[Site "Remote email"]
[Date "2012.12.15"]
[Round "2"]
[White "Koestner, Wolfgang"]
[Black "Dammer, Axel"]
[Result "1/2-1/2"]
[WhiteElo "2369"]
[BlackElo "2430"]
[PlyCount "73"]
[EventDate "2012.??.??"]
[EventType "tourn (corr)"]
[EventRounds "6"]
[EventCountry "GER"]
[SourceTitle "Corr 2015"]
[Source "ChessBase"]
[SourceDate "2015.07.17"]
[SourceVersion "1"]
[SourceVersionDate "2015.07.17"]
[SourceQuality "1"]

1. Nf3 Nf6 2. c4 g6 3. g3 Bg7 4. Bg2 0-0 5. 0-0 d6 6. d4 Nbd7 7. Nc3 e5 8. dxe5 dxe5 9. e4 c6 10. Be3 Qe7 11. h3 Re8 12. Re1 b6 13. Qc2 Nc5 14. b4 Nb7 15. a3 Qc7 16. Rad1 Be6 17. Bf1 h6 18. Qc1 Kh7 19. g4 Ng8 20. Qc2 Ne7 21. Rd2 Red8 22. Red1 Rxd2 23. Rxd2 Kg8 24. g5 h5 25. Qd1 c5 26. Nd5 Nxd5 27. cxd5 Bd7 28. d6 Qc6 29. bxc5 Nxc5 30. Rd5 Re8 31. Bxc5 bxc5 32. Qc1 Rc8 33. Bc4 Bxh3 34. Nxe5 Bxe5 35. Rxe5 Qxd6 36. Qf4 Qd7 37. Kh1 1/2-1/2

[Event "Remote-chT2 Bd.1/1 email"]
[Site "Remote email"]
[Date "2012.11.05"]
[Round "?"]
[White "Diele, Ralf"]
[Black "Dammer, Axel"]
[Result "0-1"]
[WhiteElo "2124"]
[BlackElo "2430"]
[PlyCount "68"]
[EventDate "2012.??.??"]
[EventType "tourn (corr)"]
[EventRounds "8"]
[EventCountry "GER"]
[SourceTitle "Corr 2015"]
[Source "ChessBase"]
[SourceDate "2015.07.17"]
[SourceVersion "1"]
[SourceVersionDate "2015.07.17"]
[SourceQuality "1"]

1. d4 d5 2. c4 c6 3. Nf3 Nf6 4. Nc3 e6 5. e3 Nbd7 6. Qc2 Bd6 7. Bd3 0-0 8. 0-0 dxc4 9. Bxc4 a6 10. Bd2 c5 11. Bd3 cxd4 12. exd4 h6 13. Rfe1 b5 14. Ne4 Nxe4 15. Bxe4 Ra7 16. Rac1 Nf6 17. Ne5 Bxe5 18. dxe5 Nxe4 19. Bb4 Bb7 20. Bxf8 Qxf8 21. Rxe4 Bxe4 22. Qxe4 Rd7 23. g3 Qd8 24. Kg2 Rd2 25. Rb1 g6 26. a3 Kg7 27. h4 h5 28. b4 Rd3 29. Ra1 Rc3 30. Kg1 Qd2 31. Kg2 Rxg3+ 32. Kxg3 Qc3+ 33. Qe3 Qxa1 34. f4 Qh1 0-1

[Event "Remote S7E High-132 email"]
[Site "Remote email"]
[Date "2012.09.10"]
[Round "?"]
[White "Dammer, Axel"]
[Black "Dietrich, Udo"]
[Result "1-0"]
[WhiteElo "2442"]
[BlackElo "2414"]
[PlyCount "123"]
[EventDate "2012.??.??"]
[EventType "tourn (corr)"]
[EventRounds "6"]
[EventCountry "GER"]
[SourceTitle "Corr 2015"]
[Source "ChessBase"]
[SourceDate "2015.07.17"]
[SourceVersion "1"]
[SourceVersionDate "2015.07.17"]
[SourceQuality "1"]
[WhiteTeam "Remote"]

1. Nf3 Nf6 2. c4 g6 3. d4 Bg7 4. Nc3 d5 5. cxd5 Nxd5 6. e4 Nxc3 7. bxc3 c5 8. Rb1 0-0 9. Be2 cxd4 10. cxd4 Qa5+ 11. Bd2 Qxa2 12. 0-0 Bg4 13. Bg5 h6 14. Be3 Nc6 15. d5 Na5 16. Bc5 b6 17. Bxe7 Rfe8 18. d6 Nc6 19. Bb5 Nxe7 20. h3 Be6 21. Bxe8 Rxe8 22. dxe7 Qa3 23. Nd4 Qxe7 24. Nxe6 Qxe6 25. Re1 a6 26. e5 b5 27. Rb3 Bf8 28. Rd3 b4 29. Rd5 Be7 30. Re2 Kg7 31. Rc2 Rb8 32. g3 h5 33. h4 Qf5 34. Re2 Qe6 35. Kh2 Rb7 36. Rc2 Qf5 37. Ra2 Rb8 38. Kg2 Qe6 39. Qd3 Rb6 40. Rc2 Qf5 41. Qxf5 gxf5 42. Rb2 f6 43. e6 Rxe6 44. Kf3 Bf8 45. Rxf5 Kh6 46. Rd5 Kg6 47. Rd8 Bc5 48. Rc8 Re5 49. Rg8+ Kf5 50. Ra8 Re6 51. Ra2 Bd4 52. R2xa6 Re5 53. Rb8 Bc3 54. Rab6 Kg6 55. Rb5 Re6 56. Rh8 Re5 57. Rg8+ Kh6 58. Rxe5 Bxe5 59. Ke4 b3 60. Rd8 b2 61. Rd1 Bd6 62. Rb1 1-0